White paper on construction 1982
Saved in:
| Format: | Book |
|---|---|
| Language: | Undetermined |
| Published: |
Japan
Reasearch Institute of Construction and Economy
1982
|
| Subjects: | |
| Tags: |
Add Tag
No Tags, Be the first to tag this record!
|
| Institutions: | Trung tâm Học liệu Trường Đại học Cần Thơ |
|---|
| LEADER | 00521nam a2200181Ia 4500 | ||
|---|---|---|---|
| 001 | CTU_105136 | ||
| 008 | 210402s9999 xx 000 0 und d | ||
| 082 | |a 338.4 | ||
| 082 | |b W582 | ||
| 245 | 0 | |a White paper on construction 1982 | |
| 245 | 0 | |c Compiled by Ministry of Construction | |
| 260 | |a Japan | ||
| 260 | |b Reasearch Institute of Construction and Economy | ||
| 260 | |c 1982 | ||
| 650 | |a Construction industry | ||
| 650 | |z Japan | ||
| 904 | |i M.Loan | ||
| 980 | |a Trung tâm Học liệu Trường Đại học Cần Thơ | ||